Risk, uncertainty and decision-making in property development. (Record no. 91421)

MARC details
000 -LEADER
fixed length control field 00908cam a2200277 4500
008 - FIXED-LENGTH DATA ELEMENTS--GENERAL INFORMATION
fixed length control field 090401t1996 xxu||||| |||| 00| 0 eng d
020 ## - INTERNATIONAL STANDARD BOOK NUMBER
International Standard Book Number 0419200304
035 ## - SYSTEM CONTROL NUMBER
System control number (Sirsi) u44008
041 ## - LANGUAGE CODE
Language code of text/sound track or separate title eng
050 ## - LIBRARY OF CONGRESS CALL NUMBER
Classification number 333.33
100 ## - MAIN ENTRY--PERSONAL NAME
Personal name Byrne, Peter
245 ## - TITLE STATEMENT
Title Risk, uncertainty and decision-making in property development.
250 ## - EDITION STATEMENT
Edition statement 2nd ed.
260 ## - PUBLICATION, DISTRIBUTION, ETC.
Place of publication, distribution, etc. London
Name of publisher, distributor, etc. E & F N Spon
Date of publication, distribution, etc. 1996
300 ## - PHYSICAL DESCRIPTION
Extent viii,162p. ; 24cm.
350 ## - PRICE (NR) (BK AM CF MU VM SE) [OBSOLETE]
Price 18.99
520 ## - SUMMARY, ETC.
Summary, etc. Provides undergraduates in surveying and property professionals with a clear practical explanation of the various management techniques to improve their property development decisions.
650 ## - SUBJECT ADDED ENTRY--TOPICAL TERM
Topical term or geographic name entry element DEVELOPMENT APPRAISAL
650 ## - SUBJECT ADDED ENTRY--TOPICAL TERM
Topical term or geographic name entry element MONTE CARLO METHOD
650 ## - SUBJECT ADDED ENTRY--TOPICAL TERM
Topical term or geographic name entry element PROPERTY DEVELOPMENT
650 ## - SUBJECT ADDED ENTRY--TOPICAL TERM
Topical term or geographic name entry element PROPERTY INVESTMENT
650 ## - SUBJECT ADDED ENTRY--TOPICAL TERM
Topical term or geographic name entry element RISK ANALYSIS
690 ## - LOCAL SUBJECT ADDED ENTRY--TOPICAL TERM (OCLC, RLIN)
Topical term or geographic name as entry element PROPERTY-COMMERCIAL PROPERTY
942 ## - ADDED ENTRY ELEMENTS (KOHA)
Suppress in OPAC 0
948 ## - LOCAL PROCESSING INFORMATION (OCLC); SERIES PART DESIGNATOR (RLIN)
c (OCLC) 04/03/1997
Holdings
Withdrawn status Lost status Damaged status Not for loan Home library Current library Shelving location Date acquired Cost, normal purchase price Total Checkouts Full call number Barcode Date last seen Date last checked out Copy number Cost, replacement price Price effective from Koha item type Source of classification or shelving scheme
  Missing     London London Missing 19/09/1996 16.14 31 333.33 BYR 30050376 06/08/2019 06/06/2007 1 16.14 06/08/2019 Book  
        London London Books 05/05/2000   56 333.33 BYR 30061240 06/08/2019 05/11/2009 2   06/08/2019 Book Dewey Decimal Classification